Business Mathematics and Statistics. (Record no. 7551)

MARC details
000 -LEADER
fixed length control field 00757nam a22002417a 4500
003 - CONTROL NUMBER IDENTIFIER
control field OSt
005 - DATE AND TIME OF LATEST TRANSACTION
control field 20211129173948.0
008 - FIXED-LENGTH DATA ELEMENTS--GENERAL INFORMATION
fixed length control field 211129b ||||| |||| 00| 0 eng d
020 ## - INTERNATIONAL STANDARD BOOK NUMBER
International Standard Book Number 9781408083154
040 ## - CATALOGING SOURCE
Transcribing agency DDC
082 ## - DEWEY DECIMAL CLASSIFICATION NUMBER
Classification number 650.01513 .FRA 2014
100 ## - MAIN ENTRY--PERSONAL NAME
Personal name Francis, Andre; Mousley, Ben
9 (RLIN) 15455
245 ## - TITLE STATEMENT
Title Business Mathematics and Statistics.
250 ## - EDITION STATEMENT
Edition statement 7th.ed.
260 ## - PUBLICATION, DISTRIBUTION, ETC. (IMPRINT)
Place of publication, distribution, etc. Singapore:
Name of publisher, distributor, etc. Cengage Learning;
Date of publication, distribution, etc. 2014.
300 ## - PHYSICAL DESCRIPTION
Extent ix,674p.:
Other physical details ill;
Dimensions 27cm
504 ## - BIBLIOGRAPHY, ETC. NOTE
Bibliography, etc Includes Index.
650 ## - SUBJECT ADDED ENTRY--TOPICAL TERM
Topical term or geographic name as entry element Business mathematics.
9 (RLIN) 15332
650 ## - SUBJECT ADDED ENTRY--TOPICAL TERM
Topical term or geographic name as entry element Business mathematics -- Problems, exercises, etc.
9 (RLIN) 15456
650 ## - SUBJECT ADDED ENTRY--TOPICAL TERM
Topical term or geographic name as entry element Commercial statistics.
9 (RLIN) 5297
650 ## - SUBJECT ADDED ENTRY--TOPICAL TERM
Topical term or geographic name as entry element Commercial statistics -- Problems, exercises, etc
9 (RLIN) 15457
942 ## - ADDED ENTRY ELEMENTS (KOHA)
Source of classification or shelving scheme Dewey Decimal Classification
Koha item type Book
Holdings
Withdrawn status Lost status Source of classification or shelving scheme Damaged status Not for loan Home library Current library Date acquired Source of acquisition Inventory number Total Checkouts Full call number Barcode Date last seen Price effective from Koha item type
    Dewey Decimal Classification     Faculty of Management Science Library Faculty of Management Science Library 29/11/2021 Purchase 15/012   650.01513 .FRA 2014 2021-1963 29/11/2021 29/11/2021 Book
    Dewey Decimal Classification     Faculty of Management Science Library Faculty of Management Science Library 29/11/2021 Purchase 15/011   650.01513 .FRA 2014 2021-1964 29/11/2021 29/11/2021 Book
    Dewey Decimal Classification     Faculty of Management Science Library Faculty of Management Science Library 29/11/2021 Purchase 15/013   650.01513 .FRA 2014 2021-1965 29/11/2021 29/11/2021 Book